000 01286nam a2200265Ia 4500
003 CO-CtgCURN
005 20250410223755.0
008 190723s9999 xx 000 0 und d
020 _a9589333826
040 _aCO-CtgCURN
_bspa
_ccoctgcurn
082 _a346
_bQ8
100 _aQuiroz Monsalvo, Aroldo
_98299
_eautor
245 0 _aManual de civil :
_bgeneral y sujetos de derecho /
_cAroldo Quiroz Monsalvo
250 _a2 edición
260 _aBogotá, Colombia :
_bGrupo Editorial Ibáñez,
_c2000
300 _a398 páginas ;
_c18 centímetros
500 _aBiblioteca soló posee volumen I.
504 _aIncluye referencias bibliográficas (p. [379]-382)
505 _aCap.1. Ubicación del código civil en el derecho -- Cap.2. Ubicación del código civil en las ramas del derecho -- Cap.3. Ubicación del código civil en las fuentes del derecho -- Cap.4. En la historia del derecho colombiano -- Cap.5. Personas encargadas de interpretar el código civil -- Cap.6. Métodos utilizados en la interpretación -- Cap.7.Sujetos del derecho.
521 _aAREA PROFESIONAL
590 _aPrograma de Derecho_18
650 _aDerecho civil
_zColombia
_98300
942 _cBK
_h346
_iQ8
_2ddc
_n0
999 _c29044
_d29044